| 000 | 00925 a2200253 4500 | ||
|---|---|---|---|
| 003 | Nust | ||
| 005 | 20170207165829.0 | ||
| 010 | _a 2003066178 | ||
| 020 | _a0-19-514252-7 (ISE) | ||
| 020 | _a978-0-19-514252-5 (ISE) | ||
| 035 | _a13351982 | ||
| 040 | _cNust | ||
| 082 | 0 | 0 | _a621.381 |
| 100 | 1 | _aSedra, Adel S. | |
| 245 | 1 | 0 |
_aMicroelectronic circuits E-Book _cAdel S. Sedra, Kenneth C. Smith |
| 250 | _a5. ed. | ||
| 260 |
_aNew York : _bOxford University Press, _c2004 |
||
| 300 |
_axxx, 1283, [76] s. : _bill. + _e1 CD-ROM |
||
| 490 | 1 |
_aOxford series in electrical and computer engineering, _x99-0228836-7 |
|
| 505 | _aPart 1- Devices and Basic circuits (Page-02), Part 2- Analog and digital intergrated circuits(Page-542),Part 3- Select Topics (Page-1010). | ||
| 650 | 0 | _aTelecommunications engineering - (E-BOOK) | |
| 700 | 1 | _aSmith, Kenneth Carless | |
| 830 | 0 | _aHRW series in electrical and computer engineering | |
| 942 |
_2ddc _cBK |
||
| 999 |
_c213192 _d213192 |
||